<?xml version="1.0" encoding="UTF-8"?>
<record
    xmlns:xsi="http://www.w3.org/2001/XMLSchema-instance"
    xsi:schemaLocation="http://www.loc.gov/MARC21/slim http://www.loc.gov/standards/marcxml/schema/MARC21slim.xsd"
    xmlns="http://www.loc.gov/MARC21/slim">

  <leader>01242    a2200157   4500</leader>
  <datafield tag="999" ind1=" " ind2=" ">
    <subfield code="c">25274</subfield>
    <subfield code="d">25274</subfield>
  </datafield>
  <datafield tag="020" ind1=" " ind2=" ">
    <subfield code="a">9781108497466</subfield>
  </datafield>
  <datafield tag="082" ind1=" " ind2=" ">
    <subfield code="a">954.96</subfield>
    <subfield code="b">ZHA-M</subfield>
  </datafield>
  <datafield tag="100" ind1=" " ind2=" ">
    <subfield code="a">Zharkevich, Ina</subfield>
  </datafield>
  <datafield tag="245" ind1=" " ind2=" ">
    <subfield code="a">Maoist people's war and the revolution of everyday life in Nepal</subfield>
  </datafield>
  <datafield tag="260" ind1=" " ind2=" ">
    <subfield code="b">Cambridge University Press</subfield>
    <subfield code="c">2019</subfield>
    <subfield code="a">Cambridge</subfield>
  </datafield>
  <datafield tag="300" ind1=" " ind2=" ">
    <subfield code="a">xiv, 320p.</subfield>
  </datafield>
  <datafield tag="504" ind1=" " ind2=" ">
    <subfield code="a">Include Bibliography and Index</subfield>
  </datafield>
  <datafield tag="520" ind1=" " ind2=" ">
    <subfield code="a">By providing a rich ethnography of wartime social processes in the former Maoist heartland of Nepal, this book explores how the Maoist People's War (1996&#x2013;2006) transformed Nepali society. Drawing on long-term fieldwork with people who were located at the epicentre of the conflict, including both ardent Maoist supporters and 'reluctant rebels', it explores how a remote Himalayan village was forged as the centre of the Maoist rebellion, how its inhabitants coped with the situation of war and the Maoist regime of governance, and how they came to embrace the Maoist project and maintain ordinary life amidst the war while living in a guerrilla enclave.</subfield>
  </datafield>
  <datafield tag="650" ind1=" " ind2=" ">
    <subfield code="a">Politics and government-1960</subfield>
    <subfield code="v">Social life and customs</subfield>
    <subfield code="v">Social conditions</subfield>
    <subfield code="v">Communism</subfield>
    <subfield code="v">Insurgency--Social aspects</subfield>
    <subfield code="v">Ethnolog</subfield>
    <subfield code="v">Civil War, 1996-2006--Social aspects</subfield>
    <subfield code="z">Nepal</subfield>
  </datafield>
  <datafield tag="942" ind1=" " ind2=" ">
    <subfield code="2">ddc</subfield>
    <subfield code="c">BK</subfield>
  </datafield>
  <datafield tag="952" ind1=" " ind2=" ">
    <subfield code="0">0</subfield>
    <subfield code="1">0</subfield>
    <subfield code="4">0</subfield>
    <subfield code="7">0</subfield>
    <subfield code="a">NASSDOC</subfield>
    <subfield code="b">NASSDOC</subfield>
    <subfield code="d">2019-09-06</subfield>
    <subfield code="e">OP</subfield>
    <subfield code="g">580.35</subfield>
    <subfield code="i">2019-09-04</subfield>
    <subfield code="l">0</subfield>
    <subfield code="o">954.96 ZHA-M</subfield>
    <subfield code="p">50497</subfield>
    <subfield code="r">2019-09-06 00:00:00</subfield>
    <subfield code="v">795.00</subfield>
    <subfield code="w">2019-09-06</subfield>
    <subfield code="y">BK</subfield>
  </datafield>
</record>
